Central Library OPAC University of Rajshahi

Cultures and time / (Record no. 57356)

MARC details
000 -LEADER
fixed length control field 00599nam a2200229 a 4500
001 - CONTROL NUMBER
control field 57356
003 - CONTROL NUMBER IDENTIFIER
rucl marc code BD-RjUL
005 - DATE AND TIME OF LATEST TRANSACTION
control field 20211209080511.0
008 - FIXED-LENGTH DATA ELEMENTS--GENERAL INFORMATION
fixed length control field 161208s1976 fr b i000 0 eng
020 ## - INTERNATIONAL STANDARD BOOK NUMBER
International Standard Book Number 9231012002
035 ## - SYSTEM CONTROL NUMBER
System control number (BD-RjUL)57480
040 ## - CATALOGING SOURCE
Original cataloging agency DLC
Transcribing agency DLC
Modifying agency BD-RjUL
Language of cataloging eng
041 ## - LANGUAGE CODE
Language code of text/sound track or separate title eng
082 00 - DEWEY DECIMAL CLASSIFICATION NUMBER
Classification number 115
Edition number 23
Author mark and year CUL 1976
245 00 - TITLE STATEMENT
Title Cultures and time /
Statement of responsibility, etc. L. Gardet ... [et al.].
260 ## - PUBLICATION, DISTRIBUTION, ETC. (IMPRINT)
Place of publication, distribution, etc. Paris :
Name of publisher, distributor, etc. Unesco Press,
Date of publication, distribution, etc. 1976.
300 ## - PHYSICAL DESCRIPTION
Pagination 245 p. ;
Size 24 cm.
504 ## - BIBLIOGRAPHY, ETC. NOTE
Bibliography, etc Includes bibliographies.
650 ## - SUBJECT ADDED ENTRY--TOPICAL TERM
Topical term or geographic name as entry element Time
9 (RLIN) 170355
700 1# - ADDED ENTRY--PERSONAL NAME
Personal name Gardet, Louis.
942 ## - ADDED ENTRY ELEMENTS (KOHA)
Source of classification or shelving scheme Dewey Decimal Classification
Koha item type Books
Holdings
Lost status Source of classification or shelving scheme Damaged status Not for loan Collection code Permanent Location Current Location Shelving location Date acquired Source of acquisition Total Checkouts Full call number Date last seen Copy number Koha item type
  Dewey Decimal Classification   Not For Loan Non-fiction Central Library, University of Rajshahi Central Library, University of Rajshahi Reading Room 30/08/1982 UNESCO   115 CUL 1976 08/12/2016 C-1 Books